000 01268cam a2200229 4500
001 ##L135156
008 061002n2006 000 0 eng u
035 _a(Sirsi) u135156
041 0 _aeng
050 0 4 _a333.33 $2 18
110 2 _aNationwide Building Society
_91019
245 0 0 _aNationwide quarterly review of house prices
_bSeptember 2006
260 _aLondon
_bNationwide
_c2006
490 0 _aNationwide Quarterly Review of House Prices
_vSeptember 2006
520 _aHouse prices increased by 1.3% in September despite August's interest rate hike, bringing the annual rate of house price inflation to 8.2%, the fastest rate of growth since February 2005. The price of a typical UK house now stands at £ 169 413, almost £13 000 more than a year ago. Strong demand from landlords is helping to sustain the market and tenant demand is being supported significantly by the large influx of immigrant workers across the whole of the UK.
590 _aIKA031006
650 2 4 _aNATIONWIDE QUARTERLY REVIEW OF HOUSE PRICES
651 4 _aUnited Kingdom
_y
690 _aPROPERTY-RESIDENTIAL PROPERTY-RESIDENTIAL PROPERTY MARKET
856 4 0 _uhttps://nationwide.co.uk/hpi/review.html
_zView the review free of charge at http://nationwide.co.uk...
942 _n0
999 _c105932
_d105932